Sistemas de producción (Registro nro. 2658)

Detalles MARC
000 -LEADER
fixed length control field 01077 a2200205 4500
001 - CONTROL NUMBER
control field 36554
005 - DATE AND TIME OF LATEST TRANSACTION
control field 20260407155640.0
008 - FIXED-LENGTH DATA ELEMENTS--GENERAL INFORMATION
fixed length control field 260407a1974 arg spa d
003 - CONTROL NUMBER IDENTIFIER
control field AR-UNSa-BCEJYS
040 ## - CATALOGING SOURCE
Original cataloging agency AR-UNSa-BCEJYS
Language of cataloging spa
Transcribing agency AR-UNSa-BCEJYS
080 ## - UNIVERSAL DECIMAL CLASSIFICATION NUMBER
Universal Decimal Classification number 658.5
Common auxiliary subdivision Planificación y control de la producción<br/>
100 1# - MAIN ENTRY--PERSONAL NAME
Personal name Muth, John F.
245 10 - TITLE STATEMENT
Title Sistemas de producción
Name of part/section of a work la gerencia operativa
264 #1 - PRODUCTION, PUBLICATION, DISTRIBUTION, MANUFACTURE, AND COPYRIGHT NOTICE
Place of production, publication, distribution, manufacture Buenos Aires :
Name of producer, publisher, distributor, manufacturer El Ateneo
Date of production, publication, distribution, manufacture, or copyright notice 1974
300 ## - PHYSICAL DESCRIPTION
Extent 113 p.
Dimensions 20 cm.
505 ## - FORMATTED CONTENTS NOTE
Formatted contents note 1. La transferencia de los resultados de la investigación a las operaciones - 2. La investigación, el desarrollo y la producción: Problemas de conflicto y cooperación - 3. Examen comparado de los programas de reduccción de costos en la fabricación - 4. El problema de la disposición de instalaciones en perspectiva - 5. Revisión del equilibrio de la linea de montaje - 6. uN modelo económico para la división del trabajo - 7. La ingenieria industrial y los sistemas sociotecnicos.
590 ## - LOCAL NOTE (RLIN)
Local note niveau_biblio:m niveau_hierar:0
700 1# - ADDED ENTRY--PERSONAL NAME
Personal name Groff, Gene K.
942 ## - ADDED ENTRY ELEMENTS (KOHA)
Koha item type
Existencias
Withdrawn status Lost status Damaged status Not for loan Home library Current library Shelving location Date acquired Total checkouts Full call number Barcode Date last seen Price effective from Koha item type
        Biblioteca Prof. Eusebio Cleto del Rey Biblioteca Prof. Eusebio Cleto del Rey   07/04/2026   658.5 G873 v.2 L23405 07/04/2026 07/04/2026 Libro